00765nam a2200241Ia 4500008004100000020001500041050001000056050001400066100002000080245003600100260003800136300004300174440001400217440001100231650004500242650004200287650001900329650001400348650002200362650002200384999001900406952009800425160114s9999 xx 000 0 und d a1597070025 aFic . bK26C 2005 aKeene, Carolyn. aWrit in stone /cCarolyn Keene. aChina :bAladdin Paperpacksc2005 bchiefly color illustrations ; c20 cm. aNacy Drew vvol. 2 a Drew, Nancy (Fictitious character) --  aDrew, Nancy (Fictitious character) -- aFriendship --  x Fiction. xJuvenile fiction. xJuvenile fiction. c290334d290334 001040aSSISBbSSISBcGSd2016-01-14l0oFic .K26C 2005r2016-01-14 00:00:00w2016-01-14yBK